000 01260nam a2200337 i 4500
999 _c65646
_d65646
001 768714001
003 CO-MdFUSB
005 20200625190146.0
007 ta
008 200403t1993 us |||| |||| 00| 0 eng d
020 _a9781565630253
040 _aCO-MdFUSB
_bspa
_cCO-MdFUSB
_dCO-MdFUSBC
_erda
041 _aeng
082 _223
_a232.8
_bT474
100 _aThompson, Marianne.
_eautor
245 1 4 _aThe incarnate word :
_bperspectives on Jesus in the fourth gospel
_c/ Marianne Meye Thompson
264 1 _aEstados Unidos :
_bHendrickson Publishers,
_c[1993]
264 4 _c© 1993
300 _a168 páginas
_c; 21 cm
336 _2rdacontent
_atexto
_btxt
337 _2rdamedia
_asin mediación
_bn
338 _2rdacarrier
_avolumen
_bnc
500 _aColección Dawn Christina Harrell
505 _aIntroducción: el problema de la humanidad de Jesús en el cuarto Evangelio. -- Los orígenes de Jesús. -- Encarnación y carne -- Signos, visión y fe-. -- La muerte de Jesús. -- Epílogo: la humanidad de Jesús en la perspectiva de la cuarto evangelio.
563 _aRústico
600 0 7 _aJesucristo
_xDivinidad
630 0 7 _aBiblia
_xCrítica, interpretación, etc.
942 _cBK
945 _aJTF-925